000 01343nam a2200229Ia 4500
001 A085-34612
003 IT-CnALBA
008 170116s9999||||xx |||||||||||||| ||und||
040 _aIT-CnALBA
_cIT-CnALBA
041 _aPOLIGLOTTA
100 _aBOSSUET JACQUES-BENIGNE VESCOVO DI MEAUX
245 0 _aOEUVRES DE MESSIRE JACQUES-BENIGNE BOSSUET. TOME VIII. MYSTICI IN TUTO. (S. THERESIA, JOANNES A CRUCE, ALII PII MYST
250 _a1a ed.
260 _a LIEGE
_bLIBRAIRES (LES) ASSOCIES
_c1767 [1° Ed.:1767 - Ed.Ling.Originale: 1767]
300 _a702 p. (prefazione: 54)
500 _aBIBLIOTECA CANONICO CHIESA. AVVISI DELL'EDITORE. LETTERE DI BOSSUET. QUIETISMO. CARITÀ. MISTICISMO. S. TERESA D'AVILA, S. GIOVANNI DELLA CROCE E ALTRI MISTICI. RISPOSTA AL LIBRO, LE PRINCIPALI PROPOSIZIONI DEL LIBRO DELLE MASSIME DEI SANTI. LETTURA PASTOR
501 _aSocietà San Paolo EM - Piazza San Paolo, 14 - 12051 ALBA (CN) (non commercial uses only) ® Copyright 2017
520 _aBIBLIOTECA CANONICO CHIESA. AVVISI DELL'EDITORE. LETTERE DI BOSSUET. QUIETISMO. CARITÀ. MISTICISMO. S. TERESA D'AVILA, S. GIOVANNI DELLA CROCE E ALTRI MISTICI. RISPOSTA AL LIBRO, LE PRINCIPALI PROPOSIZIONI DEL LIBRO DELLE MASSIME DEI SANTI. LETTURA PASTOR
650 _aRACCOLTE DI CARATTERE GEN. IN ITALIANO
942 _cBK
957 _71
999 _a39382
_bSI
_g Copie: 1
_c293446
_d293446